| 000 | 00715nam a22002537a 4500 | ||
|---|---|---|---|
| 003 | CHAP | ||
| 005 | 20220329140659.0 | ||
| 008 | 971013s1965 r 00010 d | ||
| 010 | _a55955 | ||
| 011 | _a56927 | ||
| 035 | _a61080 | ||
| 040 | _cCHAP | ||
| 082 |
_a574.8732 _bS4 |
||
| 100 | 0 | 0 |
_aSharma, Arun Kumar. _9105502 |
| 245 |
_aChromosome techniques _b: theory and practice |
||
| 260 |
_aLondon : _bButterworths, _c1965 |
||
| 300 |
_a474 p. _b; láms. |
||
| 590 |
_aBATCH-UPD _b10 _c20130110 _lUCH01 _h0700 |
||
| 590 |
_aCONVERSION _b10 _c20130109 _lUCH01 _h1330 |
||
| 650 | 1 | 4 |
_aCromosomas. _929152 |
| 901 | _aBK | ||
| 942 | _cLIBRO | ||
| 949 |
_a574.8732 S4 _bBC _cLIBRO _d33724000474250 _eLIBRO _h8386 _i61080 _si |
||
| 999 |
_c55955 _d55955 |
||